000 00726nam a2200241Ia 4500
003 OSt
005 20220928103542.0
006 a|||||r|||| 00| 0
007 ta
008 220927b |||||||| |||| 00| 0 eng d
024 _a59888
037 _cTextual
040 _aSDCL
_cSDCL
_beng
041 _2eng
_aeng
082 _aR673,5x1,1, M6
100 _aKanthacharya
_9405086
245 0 _aBrahmasutrbhasyam
_b Appayadikshit kaita Shivarkamani dipika sahitam .
260 _aVaranasi
_bJangamvaadmath
_c1986
300 _a223p.
_ccm.
700 _a Dviveda Vrajaballabha Ed.
_9405087
942 _hR673,5x1,1, M6
_cTEXL
_2CC
999 _c720743
_d720743